<?xml version="1.0" encoding="UTF-8"?>
<record
    xmlns:xsi="http://www.w3.org/2001/XMLSchema-instance"
    xsi:schemaLocation="http://www.loc.gov/MARC21/slim http://www.loc.gov/standards/marcxml/schema/MARC21slim.xsd"
    xmlns="http://www.loc.gov/MARC21/slim">

  <leader>01743nam a2200217Ia 4500</leader>
  <controlfield tag="001">b7062-51307 </controlfield>
  <controlfield tag="003">IT-MiCISF</controlfield>
  <controlfield tag="008">161014s9999||||xx |||||||||||||| ||und||</controlfield>
  <datafield tag="040" ind1=" " ind2=" ">
    <subfield code="a">IT-MiCISF</subfield>
    <subfield code="c">IT-MiCISF</subfield>
  </datafield>
  <datafield tag="041" ind1=" " ind2=" ">
    <subfield code="a">it</subfield>
  </datafield>
  <datafield tag="100" ind1=" " ind2=" ">
    <subfield code="a">Milgrom Jeannette</subfield>
  </datafield>
  <datafield tag="245" ind1=" " ind2="0">
    <subfield code="a">Diventiamo mamma e pap&#xE0;</subfield>
    <subfield code="b">Manuale pratico: dalla gravidanza al primo anno di vita del bambino</subfield>
  </datafield>
  <datafield tag="250" ind1=" " ind2=" ">
    <subfield code="a">1a ed.</subfield>
  </datafield>
  <datafield tag="260" ind1=" " ind2=" ">
    <subfield code="a"> Trento</subfield>
    <subfield code="b">Erickson</subfield>
    <subfield code="c">2012 [Edizione originale: 2009]</subfield>
  </datafield>
  <datafield tag="300" ind1=" " ind2=" ">
    <subfield code="a">pp. 216</subfield>
  </datafield>
  <datafield tag="500" ind1=" " ind2=" ">
    <subfield code="a">Ericksen J., Leigh B., Romeo Y., Loughin E., McCarthy R., Saunders B. / genitorialit&#xE0;, gravidanza, nascita, coppia, parto, primo-figlio, madre, padre, depressione, famiglia, cura, periodo-neonatale / I testi di preparazione alla genitorialit&#xE0; sembrano concentrarsi principalmente sugli aspetti fisici della gravidanza, dello sviluppo del feto e della cura del bambino. Si tratta di una prospettiva limitata, perch&#xE9; non prende in considerazione le difficolt&#xE0; emozionali e psicologiche che possono insorgere in chi sta per diventare mamma e pap&#xE0; o lo &#xE8; diventato da poco. Questo volume - ideato come un manuale di auto-aiuto - si propone, dunque, di aiutare i genitori ad affrontare le difficili sfide connesse a questo nuovo ruolo cos&#xEC; complesso, con l'obiettivo di valorizzare la loro relazione con il bambino, rafforzando allo stesso tempo l'unione all'interno della coppia. Grazie a numerose esemplificazioni e suggerimenti pratici, fornisce alle coppie in attesa, specie se del primo figlio, strumenti di facile utilizzo per affrontare con serenit&#xE0; questo importante momento della propria vita.</subfield>
  </datafield>
  <datafield tag="650" ind1=" " ind2=" ">
    <subfield code="a"> Genitorialit&#xE0; e problemi educativi / genitorialit&#xE0;</subfield>
    <subfield code="e">004</subfield>
  </datafield>
  <datafield tag="700" ind1=" " ind2=" ">
    <subfield code="a">AA.VV.</subfield>
  </datafield>
  <datafield tag="942" ind1=" " ind2=" ">
    <subfield code="c">BK</subfield>
  </datafield>
  <datafield tag="957" ind1=" " ind2=" ">
    <subfield code="7">1</subfield>
  </datafield>
  <datafield tag="999" ind1=" " ind2=" ">
    <subfield code="a">51307</subfield>
    <subfield code="b">si</subfield>
    <subfield code="g">1</subfield>
    <subfield code="c">209918</subfield>
    <subfield code="d">209918</subfield>
  </datafield>
  <datafield tag="952" ind1=" " ind2=" ">
    <subfield code="0">0</subfield>
    <subfield code="1">0</subfield>
    <subfield code="4">0</subfield>
    <subfield code="6">B_706251307</subfield>
    <subfield code="7">1</subfield>
    <subfield code="a">CISF</subfield>
    <subfield code="b">CISF</subfield>
    <subfield code="d">2016-10-14</subfield>
    <subfield code="l">0</subfield>
    <subfield code="o">b7062-51307 </subfield>
    <subfield code="r">2016-10-14 00:00:00</subfield>
    <subfield code="w">2016-10-14</subfield>
    <subfield code="y">BK</subfield>
    <subfield code="z">Data import 15.10.2016 / by Epidotti, Vaglietti</subfield>
  </datafield>
</record>
